Central Europe construction online (Record no. 120946)

MARC details
000 -LEADER
fixed length control field 00933cai a22002055a 4500
001 - CONTROL NUMBER
control field L155013
008 - FIXED-LENGTH DATA ELEMENTS--GENERAL INFORMATION
fixed length control field 120220u2011 pl g 000 0 eng d
035 ## - SYSTEM CONTROL NUMBER
System control number (Sirsi) u155013
041 0# - LANGUAGE CODE
Language code of text/sound track or separate title eng
110 2# - MAIN ENTRY--CORPORATE NAME
Corporate name or jurisdiction name as entry element PMR
9 (RLIN) 5675
245 00 - TITLE STATEMENT
Title Central Europe construction online
Medium [electronic resource]
520 ## - SUMMARY, ETC.
Summary, etc. Central Europe Construction Online is a subscription service for keeping up to date with developments and opportunities in Bulgaria, Czech Republic, Hungary, Poland, Romania and Slovakia; access to the latest market, company and project news, analytical articles and data.
590 ## - LOCAL NOTE (RLIN)
Local note KA
650 24 - SUBJECT ADDED ENTRY--TOPICAL TERM
Topical term or geographic name entry element BUILDING COST INDEX
651 #4 - SUBJECT ADDED ENTRY--GEOGRAPHIC NAME
Geographic name Europe
690 ## - LOCAL SUBJECT ADDED ENTRY--TOPICAL TERM (OCLC, RLIN)
Topical term or geographic name as entry element Cost management
9 (RLIN) 6233
690 ## - LOCAL SUBJECT ADDED ENTRY--TOPICAL TERM (OCLC, RLIN)
Topical term or geographic name as entry element Construction management
9 (RLIN) 6230
856 40 - ELECTRONIC LOCATION AND ACCESS
Uniform Resource Identifier <a href="https://www.pmrpublications.com/product/en_Central_Europe_Construction_Online">https://www.pmrpublications.com/product/en_Central_Europe_Construction_Online</a>
Public note View the site to find out how to subscribe to this resource at www.pmrpublications.com
942 ## - ADDED ENTRY ELEMENTS (KOHA)
Suppress in OPAC 0
Holdings
Withdrawn status Lost status Source of classification or shelving scheme Damaged status Not for loan Home library Current library Shelving location Date acquired Total Checkouts Full call number Barcode Date last seen Copy number Price effective from Koha item type
    Dewey Decimal Classification     Virtual Virtual Online 20/02/2012   WEB-SITE 155013-2001 06/08/2019 1 06/08/2019 Online material